000 00723cam a2200229 a 4500
001 000010046
005 20200929161822.0
008 880513s1986 nq 000 p spa
035 _a(DLC) 88884392
040 _aDO-SdBNP
_cDLC
_dDLC
_bBNPHU
082 _aN861.44
_bV181m
100 1 _aValle-Castillo, Julio,
_d1952-
_925018
245 1 0 _aMateria jubilosa /
_cJulio Valle-Castillo.
260 _aManagua, Nicaragua :
_bNueva Nicaragua,
_c1986.
300 _a144 p. ;
_c20 cm.
490 1 _aLetras de Nicaragua
_v20
650 4 _aPoesía nicaragüense
_98179
650 4 _aLiteratura nicaragüense
_ySIGLO XX
_98729
830 0 _aLetras de Nicaragua ;
_v20.
_98119
910 _aCatalogación por copia / LC
049 _aBNGR
999 _c9805
_d9805